[Event "HUN-chT2 Toth 2324"]
[Site "Hungary"]
[Date "2024.03.10"]
[Round "6.10"]
[White "Lipcsei, Attila"]
[Black "Godo, Csongor"]
[Result "0-1"]
[WhiteElo "1879"]
[BlackElo "1131"]
[PlyCount "118"]
[EventDate "2023.10.08"]
[EventType "team-tourn"]
[EventRounds "9"]
[EventCountry "HUN"]
[SourceTitle "EXT 2025"]
[Source "ChessBase"]
[SourceDate "2024.10.14"]
[SourceVersion "1"]
[SourceVersionDate "2024.10.14"]
[SourceQuality "1"]
[WhiteTeam "Bekes"]
[BlackTeam "Gyula"]
[WhiteTeamCountry "HUN"]
[BlackTeamCountry "HUN"]

1. e4 e5 2. Nf3 Nc6 3. Nc3 Bc5 4. Bc4 Nf6 5. 0-0 d6 6. h3 0-0 7. a3 a5 8. d3 h6 9. Be3 Nd4 10. Bxd4 Bxd4 11. Nxd4 exd4 12. Ne2 c5 13. f4 Qc7 14. f5 Rb8 15. Nf4 b5 16. Bd5 Bb7 17. Bxb7 Qxb7 18. Nh5 Qe7 19. Nxf6+ Qxf6 20. Qh5 Qg5 21. Qxg5 hxg5 22. f6 g6 23. Rf3 Kh7 24. Rg3 Kh6 25. Rf1 Rfe8 26. Rg4 Re5 27. Rf3 Rg8 28. c3 a4 29. Rf2 Rc8 30. Rc2 Ree8 31. Rg3 Kh5 32. Rf3 g4 33. hxg4+ Kxg4 34. Rcf2 g5 35. Rf5 Re5 36. R5f3 dxc3 37. bxc3 c4 38. Rb2 cxd3 39. Rxd3 Rc6 40. g3 Kh5 41. Rb4 Kg6 42. Rbd4 Kxf6 43. Rxd6+ Rxd6 44. Rxd6+ Re6 45. Rxe6+ Kxe6 46. Kf2 Kd6 47. Kf3 Ke6 48. Kg4 f6 49. Kh5 Ke5 50. Kg6 Kxe4 51. Kxf6 Kf3 52. Kxg5 Kxg3 53. Kf5 Kf3 54. Ke5 Ke3 55. Kd5 Kd3 56. Kc5 Kxc3 57. Kxb5 Kb3 58. Kc5 Kxa3 59. Kc4 Kb2 0-1

[Event "HUN-chT2 Toth 0809"]
[Site "Hungary"]
[Date "2009.03.08"]
[Round "9.7"]
[White "Lipcsei, Attila"]
[Black "Nagy, Tibor2"]
[Result "1/2-1/2"]
[WhiteElo "1934"]
[BlackElo "1905"]
[PlyCount "52"]
[EventDate "2008.10.26"]
[EventType "tourn"]
[EventRounds "11"]
[EventCountry "HUN"]
[SourceTitle "EXT 2010"]
[Source "ChessBase"]
[SourceDate "2010.11.25"]
[SourceVersion "1"]
[SourceVersionDate "2010.11.25"]
[SourceQuality "1"]
[WhiteTeam "Bekes"]
[BlackTeam "Nadudvar"]
[WhiteTeamCountry "HUN"]
[BlackTeamCountry "HUN"]

1. d4 Nf6 2. c4 d6 3. Nc3 g6 4. e4 Bg7 5. Nf3 0-0 6. Be2 Nc6 7. 0-0 e5 8. dxe5 dxe5 9. Bg5 Be6 10. Qxd8 Rfxd8 11. Rad1 h6 12. Rxd8+ Rxd8 13. Bxf6 Bxf6 14. Nd5 Bxd5 15. cxd5 Nb8 16. a4 Nd7 17. Rc1 Rc8 18. Bb5 Nb8 19. b4 Bg7 20. g4 a6 21. Be2 Nd7 22. b5 a5 23. Nd2 Bf8 24. Nc4 b6 25. f3 f6 26. Bd1 Nc5 1/2-1/2

[Event "HUN-chT U18"]
[Site "Miskolc"]
[Date "2008.10.28"]
[Round "3.18"]
[White "Zelena, Tamas"]
[Black "Lipcsei, Attila"]
[Result "1-0"]
[WhiteElo "1475"]
[BlackElo "1934"]
[PlyCount "135"]
[EventDate "2008.10.27"]
[EventType "team-swiss"]
[EventRounds "8"]
[EventCountry "HUN"]
[SourceTitle "EXT 2016"]
[Source "ChessBase"]
[SourceDate "2015.10.08"]
[SourceVersion "1"]
[SourceVersionDate "2015.10.08"]
[SourceQuality "1"]

1. e4 c5 2. Nf3 e6 3. Nc3 Nc6 4. d4 cxd4 5. Nxd4 Bc5 6. Be3 Qb6 7. Na4 Qa5+ 8. Nc3 Bb4 9. Ndb5 a6 10. Nd6+ Bxd6 11. Qxd6 Nf6 12. f3 b5 13. Kf2 Qd8 14. Bc5 Qe7 15. Rd1 Bb7 16. Be2 Qxd6 17. Bxd6 0-0-0 18. Rd2 Ne8 19. Rhd1 Nxd6 20. Rxd6 g6 21. f4 f6 22. h4 Rhf8 23. Kg1 e5 24. Nd5 Nd4 25. Rd2 Bxd5 26. Rxd5 Nxe2+ 27. Rxe2 exf4 28. Rf2 Rde8 29. Rxf4 Re6 30. e5 f5 31. g4 Rf7 32. h5 Kc7 33. hxg6 hxg6 34. Kf2 Kc6 35. Rfd4 fxg4+ 36. Kg3 Rfe7 37. Rd6+ Kc7 38. Kxg4 Rxe5 39. Rxa6 Re4+ 40. Rxe4 Rxe4+ 41. Kf3 Ra4 42. Rxa4 bxa4 43. Kg4 Kc6 44. Kg5 Kd5 45. Kxg6 Kd4 46. Kf5 d5 47. Kf4 Kc4 48. Ke3 d4+ 49. Kd2 Kb4 50. Kd3 Kc5 51. b3 a3 52. b4+ Kxb4 53. Kxd4 Kb5 54. Kc3 Kc5 55. Kb3 Kd4 56. Kb4 Kd5 57. Kxa3 Kc4 58. Ka4 Kc5 59. Kb3 Kb5 60. a4+ Kc5 61. c4 Kb6 62. Kb4 Ka6 63. c5 Kb7 64. Kb5 Kc7 65. c6 Kb8 66. Kb6 Ka8 67. a5 Kb8 68. c7+ 1-0